000 00907nam a22002777a 4500
003 DO-SdBPM
005 20260513095248.0
007 ta
008 161031b2006 xx a 1 00| 0 spa d
020 _a0765277182
040 _aDO-SdBPM
_bspa
_cBPMSU
_erda
082 0 4 _a745.5
_bP361h 2006
_222
100 1 _aPearson, Debora
_eautora
_4aut.
245 1 0 _aHazlo y póntelo /
_cDebora Pearson
264 _aEstados Unidos :
_bCelebration Press,
_bPearson Learning Group ,
_c2006.
300 _a16 páginas :
_bilustración ;
_c25 cm.
336 _atexo
_btxt
_2rdacontent
337 _asin mediación
_bn
_2rdamedia
338 _avolumen
_bnc
_2rdacarrier
490 0 _aiOpeners
590 _aInventariado, 2026/VM
650 7 _aTrabajos manuales (Educación)
_xLiteratura infantil.
_v
650 7 _aArtesanías
_xLiteratura infantil.
910 _aVMateo V. Control de calidad. BPMSU
942 _2ddc
_cBK
999 _c12662
_d12662